Hagiography and religious truth (Record no. 138922)

MARC details
000 -LEADER
fixed length control field 00984nam a2200277Ia 4500
003 - CONTROL NUMBER IDENTIFIER
control field OSt
005 - DATE AND TIME OF LATEST TRANSACTION
control field 20220918171314.0
008 - FIXED-LENGTH DATA ELEMENTS--GENERAL INFORMATION
fixed length control field 220917b |||||||| |||| 00| 0 eng d
020 ## - INTERNATIONAL STANDARD BOOK NUMBER
International Standard Book Number 9781474235778 (hbk)
037 ## - SOURCE OF ACQUISITION
Terms of availability Textual
040 ## - CATALOGING SOURCE
Original cataloging agency ARTS
Transcribing agency ARTS
Language of cataloging eng
041 ## - LANGUAGE CODE
Source of code eng
Language code of text/sound track or separate title eng
100 ## - MAIN ENTRY--PERSONAL NAME
Personal name Monge Rico G. Ed.
9 (RLIN) 35611
245 #0 - TITLE STATEMENT
Title Hagiography and religious truth
Remainder of title case studies in the abrahamic and dharmic traditions
260 ## - PUBLICATION, DISTRIBUTION, ETC.
Place of publication, distribution, etc. London
Name of publisher, distributor, etc. Bloomsbury UK
Date of publication, distribution, etc. 2016
300 ## - PHYSICAL DESCRIPTION
Extent xv,265p.
Dimensions cm.
650 ## - SUBJECT ADDED ENTRY--TOPICAL TERM
Topical term or geographic name entry element RELIGION; SAINTS
9 (RLIN) 35612
700 ## - ADDED ENTRY--PERSONAL NAME
Personal name Chirico Kerry P. C. San Ed.
9 (RLIN) 35613
700 ## - ADDED ENTRY--PERSONAL NAME
Personal name Smith Rachel J. Ed.
9 (RLIN) 35614
942 ## - ADDED ENTRY ELEMENTS (KOHA)
Classification part Q:332.1, Q6
Koha item type Textual
Source of classification or shelving scheme Colon Classification (CC)
Holdings
Withdrawn status Lost status Damaged status Not for loan Home library Current library Date acquired Source of acquisition Total Checkouts Full call number Barcode Date last seen Price effective from Koha item type
        Arts Library Arts Library 2022-09-18 IN484, 23/02/2017, Bharatiya Sahitya Bhavana   Q:332.1 Q6 AL1629783 2022-09-18 2022-09-18 Textual
Copyright @ Delhi University Library System